000
00355nam a22001217a 4500
999
_c
13566
_d
13566
082
_a
891.43
_b
م ح م
100
_a
محمود شام
245
_a
مملکت اے مملکت
260
_a
کراچی
_b
ویلکم بک پورٹ
_c
٢٠٠٧
300
_a
٣٥٠ صفحات
650
_a
Urdu Literature, Mumlikat ae Mulikat, Mehmood Shaam
942
_c
BK